Mastering SIMULINK
Gespeichert in:
| Hauptverfasser: | , |
|---|---|
| Format: | Buch |
| Sprache: | Englisch |
| Veröffentlicht: |
Upper Saddle River :
Pearson Education Limited,
2004
|
| Ausgabe: | [1.vyd.] |
| Schlagworte: | |
| Tags: |
Keine Tags, Fügen Sie das erste Tag hinzu!
|
MARC
| LEADER | 00000nam a22000003a 4500 | ||
|---|---|---|---|
| 001 | stu127400 | ||
| 005 | 20150617225906.7 | ||
| 008 | 061004s2004----xxu-----------------eng-d | ||
| 020 | |a 0-13-142477-7 | ||
| 040 | |a STU |b slo | ||
| 041 | 0 | |a eng | |
| 044 | |a xxu | ||
| 080 | |a 004.942 |7 stu_us_auth*stu712 | ||
| 080 | |a 681.5.017 | ||
| 100 | 1 | |a Dabney, James B. |4 aut | |
| 245 | 1 | |a Mastering SIMULINK | |
| 250 | |a [1.vyd.] | ||
| 260 | |a Upper Saddle River : |b Pearson Education Limited, |c 2004 | ||
| 300 | |a 376 s | ||
| 650 | 7 | |a simulácia využívajúca matematické modely |2 stusub | |
| 650 | 7 | |a simulácia riadiacich systémov |2 stusub | |
| 700 | 1 | |a Harman, Thomas L. |4 aut | |
| 996 | |b 284J029471 |c J*105971 |l JJK1 |s P |a 0 |w stu127400_0001 | ||